Doing Business as a Determinant of Regional Competitiveness

Uložené v:
Podrobná bibliografia
Hlavný autor: Kuzmišin, Peter
Ďalší autori: Kuzmišinová, Viera, Lukáčová, Anna
Médium: Kapitola
Jazyk:English
Tagy: Pridať tag
Žiadne tagy, Buďte prvý, kto otaguje tento záznam!

MARC

LEADER 00000naa a2200000 4500
001 0129480
005 20240502083324.1
041 0 |a eng 
044 |a UA 
245 1 0 |a Doing Business as a Determinant of Regional Competitiveness  |c P. Kuzmišin, V. Kuzmišinová, A. Lukáčová 
100 1 |a Kuzmišin, Peter 
700 1 |a Kuzmišinová, Viera 
700 1 |a Lukáčová, Anna